[Event "Madrid-chT 2425"]
[Site "Madrid"]
[Date "2025.03.09"]
[Round "13.6"]
[White "Centeno Mendoza, Julio Stefano"]
[Black "Machado la Rosa, Adrian"]
[Result "1/2-1/2"]
[WhiteElo "2111"]
[BlackElo "2175"]
[PlyCount "233"]
[GameId "2154740699701513"]
[EventDate "2024.11.24"]
[EventType "team-tourn"]
[EventRounds "14"]
[EventCountry "ESP"]
[SourceVersionDate "2011.03.15"]
[WhiteTeam "Collado Villalba"]
[BlackTeam "Alcorcon Diagonal"]
[WhiteTeamCountry "ESP"]
[BlackTeamCountry "ESP"]

1. e4 c5 2. c3 Nf6 3. e5 Nd5 4. Bc4 Nb6 5. Bb3 Nc6 6. Nf3 d5 7. exd6 Qxd6 8. Na3 a6 9. O-O e6 10. Qe2 Be7 11. Rd1 Qc7 12. d4 cxd4 13. Nxd4 Bxa3 14. bxa3 Ne7 15. c4 O-O 16. Nf3 Ng6 17. Bb2 Nd7 18. h4 h6 19. g3 Re8 20. h5 Ngf8 21. Ne5 Nc5 22. Bc2 b6 23. Qg4 f6 24. Bg6 Re7 25. Nf3 Bb7 26. Nh4 Qc6 27. f3 Nxg6 28. Qxg6 Qe8 29. Bxf6 Qxg6 30. Nxg6 Rf7 31. Rd8+ Rxd8 32. Bxd8 Rxf3 33. Bc7 Nd3 34. Nh4 Re3 35. Rb1 b5 36. cxb5 axb5 37. Rf1 e5 38. Nf5 Re2 39. Ne7+ Kh7 40. Rf8 Re1+ 41. Rf1 Rxf1+ 42. Kxf1 Bf3 43. Nf5 Bxh5 44. Nd6 Nc1 45. Kf2 Nxa2 46. Nxb5 Be8 47. a4 e4 48. Nd6 Bxa4 49. Nxe4 Bc6 50. Nc5 Nc3 51. Be5 Nd5 52. Ne6 g5 53. Nd4 Ba8 54. Nb5 Bc6 55. Nd4 Bd7 56. Bd6 Kg6 57. Nf3 Be8 58. Bf8 Nf6 59. Kg1 Ng4 60. Nh2 Ne5 61. Bd6 Nc4 62. Be7 Bc6 63. Kf2 Nd2 64. Ng4 Ne4+ 65. Kg1 Ba8 66. Kh2 Nd2 67. Kg1 Ne4 68. Kh2 Bb7 69. Ne5+ Kf5 70. Nc4 Ke6 71. Bf8 Nf6 72. Ne3 h5 73. Bg7 Ne4 74. Bb2 Nd2 75. Kg1 Ba6 76. Kh2 Bd3 77. Kg1 Kf7 78. Nd5 Ne4 79. Kh2 Nf2 80. Ne3 Be4 81. Kg1 Nd3 82. Bc3 Kg6 83. Kh2 Nc1 84. Bb2 Ne2 85. Be5 Nc1 86. Kg1 Nd3 87. Bc3 Bf3 88. Kh2 Nc5 89. Be5 Be4 90. Kg1 Nd3 91. Bc3 Bb7 92. Kh2 Nc5 93. Be5 Ne4 94. Kg1 Nd2 95. Bb2 Nf3+ 96. Kf2 g4 97. Nc4 Ng5 98. Nd6 Ba8 99. Kg1 Nh3+ 100. Kh2 Nf2 101. Bd4 Nd3 102. Bc3 Kg5 103. Bd2+ Kf6 104. Nc4 Kf5 105. Ne3+ Ke4 106. Ng2 Ne5 107. Nh4 Bb7 108. Kg1 Ba6 109. Bf4 Nd3 110. Bd6 Bc8 111. Bc7 Be6 112. Bd6 Ke3 113. Ng2+ Kf3 114. Nf4 Nxf4 115. Bxf4 h4 116. Bc7 hxg3 117. Bd6 1/2-1/2

[Event "Madrid-chT 2425"]
[Site "Madrid"]
[Date "2025.03.09"]
[Round "13.1"]
[White "Alfaya Marcelo, Roberto"]
[Black "Martinez Reyes, Pedro Ramon"]
[Result "1/2-1/2"]
[WhiteElo "2249"]
[BlackElo "2362"]
[PlyCount "116"]
[GameId "2154749874620890"]
[EventDate "2024.11.24"]
[EventType "team-tourn"]
[EventRounds "14"]
[EventCountry "ESP"]
[SourceVersionDate "2011.03.15"]
[WhiteTeam "San Sebastian de los Reyes"]
[BlackTeam "Blanco y Negro"]
[WhiteTeamCountry "ESP"]
[BlackTeamCountry "ESP"]

1. d4 d5 2. c4 e6 3. Nf3 Nf6 4. g3 Nc6 5. Bg2 Bd6 6. O-O O-O 7. Bg5 h6 8. Bxf6 Qxf6 9. cxd5 exd5 10. Nc3 Ne7 11. e4 dxe4 12. Nxe4 Qe6 13. Re1 Qd7 14. Ne5 Qd8 15. Nxd6 Qxd6 16. Nc4 Qf6 17. Ne3 Rd8 18. Qc2 c6 19. d5 cxd5 20. Nxd5 Nxd5 21. Bxd5 Bh3 22. Qb3 Rd6 23. Qxb7 Rad8 24. Bg2 Rb6 25. Qxa7 Rd2 26. Qa8+ Kh7 27. Qe4+ Bf5 28. Qxf5+ Qxf5 29. Be4 Qxe4 30. Rxe4 Rbxb2 31. Rf4 Rxa2 32. Rxa2 Rxa2 33. Rxf7 h5 34. Kg2 Kg6 35. Rb7 Kf6 36. Rb6+ Kf7 37. Rb5 g6 38. h3 Kf6 39. g4 hxg4 40. hxg4 g5 41. Kg3 Ra3+ 42. f3 Ra6 43. Rf5+ Kg6 44. Rd5 Rb6 45. Kf2 Re6 46. Rd8 Kf6 47. Rf8+ Kg7 48. Rf5 Kg6 49. Rd5 Kf6 50. Rd4 Kg6 51. Re4 Ra6 52. Ke3 Ra3+ 53. Ke2 Ra2+ 54. Ke3 Ra3+ 55. Kf2 Ra2+ 56. Kg3 Kf6 57. Rb4 Rc2 58. Rb6+ Ke7 1/2-1/2

[Event "Madrid-chT 2425"]
[Site "Madrid"]
[Date "2025.03.09"]
[Round "13.2"]
[White "Taboas Rodriguez, Daniel"]
[Black "Martinez Fernandez, Raul"]
[Result "1-0"]
[WhiteElo "2340"]
[BlackElo "2155"]
[PlyCount "99"]
[GameId "2154754394524142"]
[EventDate "2024.11.24"]
[EventType "team-tourn"]
[EventRounds "14"]
[EventCountry "ESP"]
[SourceVersionDate "2011.03.15"]
[WhiteTeam "Blanco y Negro"]
[BlackTeam "San Sebastian de los Reyes"]
[WhiteTeamCountry "ESP"]
[BlackTeamCountry "ESP"]

1. d4 Nf6 2. Nf3 d5 3. c4 e6 4. Nc3 Bb4 5. Qa4+ Nc6 6. a3 Bxc3+ 7. bxc3 Bd7 8. cxd5 exd5 9. Bg5 h6 10. Bxf6 Qxf6 11. e3 O-O 12. Be2 a6 13. O-O Qd6 14. Qc2 Ne7 15. c4 dxc4 16. Bxc4 Bb5 17. a4 Bxc4 18. Qxc4 Rfc8 19. Rfc1 a5 20. Rab1 b6 21. Ne5 Qd5 22. e4 Qxc4 23. Rxc4 Ra7 24. d5 Re8 25. f3 f5 26. Rbc1 fxe4 27. fxe4 Nc8 28. Nc6 Rb7 29. e5 Ne7 30. Nxe7+ Rxe7 31. e6 Kf8 32. Kf2 b5 33. axb5 Rxb5 34. Rc5 Rb7 35. Rxa5 Re8 36. Ke3 Ke7 37. Ke4 Kf6 38. Rf1+ Kg6 39. Rf7 Rb2 40. Rxc7 Rxg2 41. Raa7 Kh7 42. h4 Kg8 43. Re7 Rd8 44. Rad7 Ra8 45. Ra7 Rd8 46. Red7 Rb8 47. Ke5 h5 48. Rab7 Ra8 49. Rbc7 Rg4 50. e7 1-0

[Event "Madrid-chT 2425"]
[Site "Madrid"]
[Date "2025.03.09"]
[Round "13.3"]
[White "Olazagoitia Rodriguez, Jose Luis"]
[Black "Hidalgo Duque, Carlos"]
[Result "0-1"]
[WhiteElo "2197"]
[BlackElo "2300"]
[PlyCount "50"]
[GameId "2154758556793336"]
[EventDate "2024.11.24"]
[EventType "team-tourn"]
[EventRounds "14"]
[EventCountry "ESP"]
[SourceVersionDate "2011.03.15"]
[WhiteTeam "San Sebastian de los Reyes"]
[BlackTeam "Blanco y Negro"]
[WhiteTeamCountry "ESP"]
[BlackTeamCountry "ESP"]

1. b3 d5 2. Bb2 Nf6 3. e3 Bf5 4. f4 e6 5. Be2 h6 6. Nf3 Be7 7. O-O O-O 8. Ne5 Nbd7 9. d3 Nxe5 10. fxe5 Nd7 11. Bg4 Bh7 12. Nd2 c5 13. Qf3 b5 14. Qh3 Bg5 15. Rf2 Qe7 16. Re1 Rae8 17. c4 Nb6 18. cxd5 Nxd5 19. d4 Nb4 20. e4 Nc2 21. Rc1 Nxd4 22. Kh1 Rd8 23. Qc3 Bxd2 24. Rxd2 Qg5 25. Bh3 b4 0-1

[Event "Madrid-chT 2425"]
[Site "Madrid"]
[Date "2025.03.09"]
[Round "13.4"]
[White "Alarcia Astiz, Carlos"]
[Black "Reyes Penas, Sebastian"]
[Result "0-1"]
[WhiteElo "2254"]
[BlackElo "2214"]
[PlyCount "82"]
[GameId "2154760245365247"]
[EventDate "2024.11.24"]
[EventType "team-tourn"]
[EventRounds "14"]
[EventCountry "ESP"]
[SourceVersionDate "2011.03.15"]
[WhiteTeam "Blanco y Negro"]
[BlackTeam "San Sebastian de los Reyes"]
[WhiteTeamCountry "ESP"]
[BlackTeamCountry "ESP"]

{[%evp 0,76,11,34,25,5,16,24,25,26,24,24,23,36,30,37,30,34,-15,12,27,22,38,28,28,47,64,37,61,54,65,63,44,47,50,76,65,52,66,70,-45,58,76,-20,65,67,140,61,151,144,248,150,205,15,28,-31,148,-208,90,61,92,69,105,9,132,123,125,80,196,85,130,146,136,88,69,63,1,-667,-773]} 1. Nf3 Nf6 2. g3 b6 3. Bg2 Bb7 4. O-O e6 5. c4 Be7 6. d4 O-O 7. Nc3 Ne4 8. Qc2 Nxc3 9. Qxc3 d6 10. Qd3 f5 11. Ne1 Bxg2 12. Nxg2 d5 13. Nf4 Qd7 14. Qe3 Rf6 15. cxd5 exd5 16. Qf3 c6 17. Nd3 Qe6 18. Bg5 Rf7 19. Bxe7 Rxe7 20. e3 a5 21. Rac1 Nd7 22. Rc3 Rc8 23. Nf4 Qe4 24. Qe2 Rce8 25. Rfc1 g5 26. Nh3 Qg4 27. Qf1 Re6 28. Qa6 Rd8 29. Kg2 Rh6 30. Ng1 Qh5 31. h3 c5 32. Qb7 Qf7 33. Nf3 g4 34. Ng5 gxh3+ 35. Kh2 Qe7 36. Qxd5+ Kg7 37. f4 Nf6 38. Qxd8 Ng4+ 39. Kh1 Qxd8 40. dxc5 Qd5+ 41. e4 fxe4 0-1

[Event "Madrid-chT 2425"]
[Site "Madrid"]
[Date "2025.03.09"]
[Round "13.5"]
[White "Marcos Trejo, Mateo"]
[Black "Renteria Becerra, Jorge Elicer"]
[Result "1/2-1/2"]
[WhiteElo "1540"]
[BlackElo "2194"]
[PlyCount "47"]
[GameId "2154847260090421"]
[EventDate "2024.11.24"]
[EventType "team-tourn"]
[EventRounds "14"]
[EventCountry "ESP"]
[SourceVersionDate "2011.03.15"]
[WhiteTeam "San Sebastian de los Reyes"]
[BlackTeam "Blanco y Negro"]
[WhiteTeamCountry "ESP"]
[BlackTeamCountry "ESP"]

1. Nf3 d5 2. d4 Nf6 3. c4 e6 4. e3 Be7 5. Nc3 O-O 6. Be2 dxc4 7. Nd2 c5 8. Nxc4 cxd4 9. exd4 Nc6 10. Be3 Nb4 11. Bf3 Nbd5 12. Bg5 h6 13. Bxf6 Bxf6 14. Nxd5 exd5 15. Ne3 Qa5+ 16. Qd2 Qxd2+ 17. Kxd2 Bxd4 18. Bxd5 Rd8 19. Rhd1 Bxb2 20. Rab1 Be6 21. Ke2 Bxd5 22. Nxd5 Ba3 23. Rxb7 a5 24. Ne7+ 1/2-1/2

[Event "Madrid-chT 2425"]
[Site "Madrid"]
[Date "2025.03.09"]
[Round "13.6"]
[White "Cuesta Colomo, Diego"]
[Black "Sanchez Sanchez, Carlos I"]
[Result "1-0"]
[WhiteElo "1818"]
[BlackElo "1570"]
[PlyCount "83"]
[GameId "2154852853239873"]
[EventDate "2024.11.24"]
[EventType "team-tourn"]
[EventRounds "14"]
[EventCountry "ESP"]
[SourceVersionDate "2011.03.15"]
[WhiteTeam "Blanco y Negro"]
[BlackTeam "San Sebastian de los Reyes"]
[WhiteTeamCountry "ESP"]
[BlackTeamCountry "ESP"]

1. e4 e5 2. Nf3 Nf6 3. Bc4 Nc6 4. d3 d5 5. exd5 Nxd5 6. O-O Bg4 7. Re1 Be7 8. a3 O-O 9. Nbd2 Bg5 10. Ne4 Bxc1 11. Rxc1 Nf6 12. Ng3 Nh5 13. Re4 Bxf3 14. Qxf3 Nxg3 15. Qxg3 Qf6 16. Rce1 Rfe8 17. f4 Na5 18. Ba2 Qb6+ 19. Kh1 Qxb2 20. Bb1 Qxa3 21. fxe5 Re6 22. Qf2 a6 23. d4 c6 24. c4 Nxc4 25. Rf1 Rf8 26. Rh4 h6 27. Bf5 Ne3 28. Rh3 Qe7 29. Qxe3 a5 30. Bxe6 Qxe6 31. Qd2 Qd5 32. Rc3 a4 33. Ra1 Ra8 34. Qd1 b5 35. Rac1 Ra6 36. Rc5 Qd7 37. d5 cxd5 38. Qd3 g6 39. Rxd5 Qe6 40. Rxb5 a3 41. Qd8+ Kg7 42. Rb8 1-0

[Event "Madrid-chT 2425"]
[Site "Madrid"]
[Date "2025.03.09"]
[Round "13.1"]
[White "Lopez Mijail, Nicolas"]
[Black "Elissalt Cardenas, Hector"]
[Result "0-1"]
[WhiteElo "2254"]
[BlackElo "2310"]
[PlyCount "120"]
[GameId "2154855299768392"]
[EventDate "2024.11.24"]
[EventType "team-tourn"]
[EventRounds "14"]
[EventCountry "ESP"]
[SourceVersionDate "2011.03.15"]
[WhiteTeam "Jaque Mate"]
[BlackTeam "Tajamar"]
[WhiteTeamCountry "ESP"]
[BlackTeamCountry "ESP"]

1. e4 d6 2. d4 Nf6 3. Nc3 e5 4. Nf3 Nbd7 5. Rg1 c6 6. g4 g6 7. g5 Nh5 8. Be3 b5 9. a4 b4 10. Nb1 Be7 11. Nbd2 O-O 12. Nc4 Qc7 13. Qd2 Rb8 14. b3 d5 15. exd5 e4 16. dxc6 exf3 17. cxd7 Bxd7 18. Ne5 Be6 19. Bc4 Bd6 20. Bxe6 Bxe5 21. Bg4 Nf4 22. Bxf3 Rfd8 23. O-O-O Rbc8 24. Bg4 Rb8 25. Bf3 Rbc8 26. Kb1 Ne6 27. d5 Bg7 28. Rg4 Qe5 29. Bd4 Nxd4 30. Rxd4 a5 31. Qf4 Rc3 32. Bg2 Qxf4 33. Rxf4 Be5 34. Rh4 Bd6 35. Re1 Kg7 36. h3 h5 37. gxh6+ Kh7 38. Re2 Rdc8 39. Be4 R8c7 40. Bd3 Rc8 41. f4 f5 42. Re6 Rd8 43. Rf6 Rc7 44. Bxf5 gxf5 45. Rh5 Re7 46. Rhxf5 Re1+ 47. Kb2 Bc5 48. Rf7+ Kh8 49. c4 Rde8 50. Kc2 R8e2+ 51. Kd3 Re3+ 52. Kd2 Bd4 53. c5 Bc3+ 54. Kc2 R1e2+ 55. Kc1 Rxh3 56. Rf8+ Kh7 57. R5f7+ Kxh6 58. Rf6+ Bxf6 59. Rxf6+ Kg7 60. Kd1 Ra2 0-1

[Event "Madrid-chT 2425"]
[Site "Madrid"]
[Date "2025.03.09"]
[Round "13.2"]
[White "Mkrtchyan, Levon"]
[Black "Torres Rebolledo, Alvaro"]
[Result "1/2-1/2"]
[WhiteElo "2266"]
[BlackElo "2309"]
[PlyCount "77"]
[GameId "2154856914096209"]
[EventDate "2024.11.24"]
[EventType "team-tourn"]
[EventRounds "14"]
[EventCountry "ESP"]
[SourceVersionDate "2011.03.15"]
[WhiteTeam "Tajamar"]
[BlackTeam "Jaque Mate"]
[WhiteTeamCountry "ESP"]
[BlackTeamCountry "ESP"]

1. e4 c5 2. Nf3 d6 3. d4 cxd4 4. Nxd4 Nf6 5. Nc3 a6 6. Bg5 e6 7. f4 Be7 8. Qf3 Nbd7 9. O-O-O Qc7 10. g4 h6 11. Bxf6 Bxf6 12. h4 Nb6 13. g5 Bxd4 14. Rxd4 Qc5 15. Qf2 hxg5 16. e5 gxf4 17. Ne4 Qxe5 18. Nxd6+ Ke7 19. Rxf4 Qxd6 20. Rxf7+ Ke8 21. Bg2 Bd7 22. Rf1 Kd8 23. Bxb7 Rb8 24. Qg2 Kc7 25. Rd1 Qc5 26. Bxa6 Nd5 27. Qg3+ Kc6 28. a4 Kb6 29. Rxd7 Kxa6 30. Qd3+ Ka5 31. c3 Rxh4 32. Qg3 Qe3+ 33. Qxe3 Nxe3 34. Re1 Nc4 35. Ra7+ Kb6 36. Rxg7 Re8 37. Rg6 Rh2 38. Rgxe6+ Rxe6 39. Rxe6+ 1/2-1/2

[Event "Madrid-chT 2425"]
[Site "Madrid"]
[Date "2025.03.09"]
[Round "13.3"]
[White "Torres Rebolledo, Victor"]
[Black "Rodriguez Avila, Alvaro"]
[Result "1-0"]
[WhiteElo "2176"]
[BlackElo "2223"]
[PlyCount "91"]
[GameId "2154858234822744"]
[EventDate "2024.11.24"]
[EventType "team-tourn"]
[EventRounds "14"]
[EventCountry "ESP"]
[SourceVersionDate "2011.03.15"]
[WhiteTeam "Jaque Mate"]
[BlackTeam "Tajamar"]
[WhiteTeamCountry "ESP"]
[BlackTeamCountry "ESP"]

1. d4 e6 2. c4 Nf6 3. Nc3 Bb4 4. e3 O-O 5. Bd3 Bxc3+ 6. bxc3 d6 7. e4 e5 8. Ne2 Re8 9. Qc2 c5 10. d5 Nbd7 11. O-O Nf8 12. Bd2 Ng6 13. Rae1 b6 14. Kh1 Nh5 15. f3 Nhf4 16. Nxf4 exf4 17. g3 fxg3 18. hxg3 Qd7 19. Bf4 Ba6 20. Kg2 Rab8 21. a4 Qe7 22. e5 Nxf4+ 23. gxf4 g6 24. Qf2 dxe5 25. Rxe5 Qd7 26. Qh4 Qd8 27. Qh6 Qf6 28. Rfe1 Rf8 29. f5 Qg7 30. Qh2 Rbd8 31. fxg6 hxg6 32. f4 Rd6 33. Kf3 Bc8 34. Qh4 Rf6 35. Re8 Bd7 36. Rxf8+ Kxf8 37. Qg5 Kg8 38. a5 bxa5 39. Rb1 Rd6 40. Rb8+ Kh7 41. Qh4+ Qh6 42. Rh8+ Kxh8 43. Qxh6+ Kg8 44. Qg5 Kf8 45. Qd8+ Kg7 46. Qc7 1-0

[Event "Madrid-chT 2425"]
[Site "Madrid"]
[Date "2025.03.09"]
[Round "13.4"]
[White "Rodriguez Lopez, David"]
[Black "Fernandez Estremera, Fernando"]
[Result "1/2-1/2"]
[WhiteElo "2183"]
[BlackElo "2144"]
[PlyCount "78"]
[GameId "2154860872417397"]
[EventDate "2024.11.24"]
[EventType "team-tourn"]
[EventRounds "14"]
[EventCountry "ESP"]
[SourceVersionDate "2011.03.15"]
[WhiteTeam "Tajamar"]
[BlackTeam "Jaque Mate"]
[WhiteTeamCountry "ESP"]
[BlackTeamCountry "ESP"]

1. e4 c6 2. d4 d5 3. exd5 cxd5 4. Bd3 Nc6 5. c3 Qc7 6. Ne2 Bg4 7. f3 Bd7 8. Bf4 e5 9. Bg3 Bd6 10. O-O Nge7 11. Na3 a6 12. Nc2 O-O 13. dxe5 Nxe5 14. Ncd4 f5 15. Bxe5 Bxe5 16. f4 Bf6 17. Qd2 g6 18. Bc2 Rad8 19. Bb3 Rfe8 20. Kh1 Qc5 21. Rad1 Nc8 22. Nc1 Bc6 23. Nd3 Qb6 24. Nb4 Kh8 25. Nbxc6 bxc6 26. Ba4 Na7 27. b4 Nb5 28. Bxb5 axb5 29. Rfe1 Ra8 30. Ne6 Qa7 31. Re2 Re7 32. Rde1 Qa3 33. Nd4 Re4 34. g3 Rae8 35. Kg2 Qa6 36. Nb3 Qa7 37. Nc5 R4e7 38. Kf3 Qc7 39. Re6 Rxe6 1/2-1/2

[Event "Madrid-chT 2425"]
[Site "Madrid"]
[Date "2025.03.09"]
[Round "13.5"]
[White "Serrano Ruiz, Miguel"]
[Black "Lazaro Azcutia, Miguel"]
[Result "1-0"]
[WhiteElo "2043"]
[BlackElo "2224"]
[PlyCount "81"]
[GameId "2154862196826236"]
[EventDate "2024.11.24"]
[EventType "team-tourn"]
[EventRounds "14"]
[EventCountry "ESP"]
[SourceVersionDate "2011.03.15"]
[WhiteTeam "Jaque Mate"]
[BlackTeam "Tajamar"]
[WhiteTeamCountry "ESP"]
[BlackTeamCountry "ESP"]

1. e4 e5 2. Nf3 Nc6 3. Bc4 Bc5 4. c3 Nf6 5. d4 exd4 6. e5 d5 7. Bb5 Ne4 8. cxd4 Bb6 9. Nc3 O-O 10. Be3 Bg4 11. h3 Bh5 12. Qc2 Ba5 13. O-O Bxf3 14. gxf3 Ng5 15. Kg2 Bxc3 16. bxc3 f5 17. f4 Ne6 18. Qa4 Rb8 19. Rab1 g5 20. Bxc6 Kh8 21. Bd7 b5 22. Bxb5 gxf4 23. Bd2 Qh4 24. Rh1 Ng5 25. Qd1 Rb6 26. Bd3 Rg6 27. Kf1 Ne4 28. Be1 Rfg8 29. Qf3 c6 30. Be2 Rh6 31. Qd3 f3 32. Bxf3 c5 33. dxc5 Nxc5 34. Qd4 Qe7 35. e6+ Rf6 36. Bxd5 f4 37. c4 f3 38. Bc3 Rgf8 39. Rg1 Nxe6 40. Qxf6+ Rxf6 41. Bxf6+ 1-0

[Event "Madrid-chT 2425"]
[Site "Madrid"]
[Date "2025.03.09"]
[Round "13.6"]
[White "Alvarez Poves, Jesus"]
[Black "Serrano Ruiz, Lope"]
[Result "0-1"]
[WhiteElo "2120"]
[BlackElo "2032"]
[PlyCount "108"]
[GameId "2154863251648643"]
[EventDate "2024.11.24"]
[EventType "team-tourn"]
[EventRounds "14"]
[EventCountry "ESP"]
[SourceVersionDate "2011.03.15"]
[WhiteTeam "Tajamar"]
[BlackTeam "Jaque Mate"]
[WhiteTeamCountry "ESP"]
[BlackTeamCountry "ESP"]

1. e4 Nf6 2. e5 Nd5 3. d4 d6 4. c4 Nb6 5. f4 dxe5 6. fxe5 Nc6 7. Be3 Bf5 8. Nc3 e6 9. Be2 Be7 10. Nf3 f6 11. exf6 Bxf6 12. h3 Qd6 13. g4 Bg6 14. c5 Qd7 15. cxb6 O-O 16. g5 Be7 17. Ne5 Nxe5 18. dxe5 Qc6 19. Rg1 Bc5 20. Qc1 Qxb6 21. Rg3 Rf5 22. Bxc5 Qxc5 23. Qe3 Qa5 24. b4 Qxb4 25. Rb1 Qa5 26. Rb5 Qa3 27. Bg4 Rff8 28. Bxe6+ Kh8 29. Bb3 c6 30. Rxb7 Qa6 31. Rd7 Rf1+ 32. Kd2 Qa3 33. Nd1 Bh5 34. Rg1 Qa5+ 35. Nc3 Rf3 36. Qd4 c5 37. Qc4 Rf2+ 38. Ke3 Raf8 39. Rg3 Qa3 40. Ne4 R2f5 41. Qe6 Qc1+ 42. Nd2 Qe1+ 43. Kd3 Qxg3+ 44. Kc2 Bg6 45. Kb2 Qxg5 46. Nc4 Qh6 47. Nd6 Rf2+ 48. Ka3 Qc1+ 49. Ka4 R2f4+ 50. Kb5 Qa3 51. Qe7 Qb4+ 52. Kc6 Qb6+ 53. Kd5 Rd4+ 54. Ke6 Bf5# 0-1